States of India by First and Last Two Letters - Statistics

General Stats
  • This quiz has been taken 9 times
  • The average score is 22 of 36
Answers on the Map
Answers color-coded by a green-red scale on the quiz's map according to % correct below.
 
Answer Stats
State % Correct
Gujarat
100%
Uttar Pradesh
100%
Goa
88%
Kerala
88%
Madhya Pradesh
88%
Rajasthan
88%
Tamil Nadu
88%
Andhra Pradesh
75%
Haryana
75%
Himachal Pradesh
75%
Karnataka
75%
Maharashtra
75%
Manipur
75%
Telangana
75%
Arunachal Pradesh
63%
Assam
63%
Bihar
63%
Jharkhand
63%
Meghalaya
63%
Punjab
63%
Sikkim
63%
West Bengal
63%
Chandigarh
50%
Chhattisgarh
50%
Delhi
50%
Ladakh
50%
Odisha
50%
Tripura
50%
Uttarakhand
50%
Jammu and Kashmir
38%
Mizoram
38%
Nagaland
38%
Puducherry
38%
Andaman and Nicobar Islands
25%
Dadra and Nagar Haveli and Daman and Diu
13%
Lakshadweep
13%
No matching quizzes found
Score Distribution
Percent of People with Each Score
Percentile by Number Answered
Your Score History
You have not taken this quiz